000 01106nam a22002297a 4500
003 OSt
005 20171101090536.0
008 150408b xxu||||| |||| 00| 0 eng d
040 _cBMC
082 _a670.42
100 1 _934753
_aCalderón Salazar, Carlos Ernesto
245 1 0 _aImplementación de mejoras en la cadena de valor de la empresa Ramírez Company, a través del programa de proveedores de El Salvador
_b: proyecto
_cCarlos Ernesto Calderón Salazar, José Miguel Escobar Martínez, José Raúl Portillo Artiga
260 _aSanta Ana (El Salvador)
_bUniversidad Católica de El Salvador
_c2010
300 _a150 h.
_bil. col.
_c28 cm
_e+ 1 disco compacto
500 _aPrecede al tít.: Universidad Católica de El Salvador, Facultad de Ingeniería y Arquitectura
502 _aPara optar al título de: Ingeniero Industrial
650 2 4 _919919
_aIngeniería industrial
700 1 _934765
_aEscobar Martínez, José Miguel
700 1 _934766
_aPortillo Artiga, José Raúl
710 2 _91166
_aUniversidad Católica de El Salvador
_bFacultad de Ingeniería y Arquitectura
942 _2ddc
_cTG
999 _c21236
_d21236